Annuaire de Statistiques Regionales 1997
Gespeichert in:
| Format: | Buch |
|---|---|
| Sprache: | Französisch |
| Veröffentlicht: |
Bruxelles
Institut National de Statistique
1997
|
| Schlagworte: | |
| Tags: |
Keine Tags, Fügen Sie das erste Tag hinzu!
|
MARC
| LEADER | 00000nam a2200000 4500 | ||
|---|---|---|---|
| 001 | c108388 | ||
| 005 | 20251216092415.4 | ||
| 022 | |a 0770-0369 | ||
| 041 | 0 | |a fre | |
| 044 | |a BE | ||
| 245 | 1 | 0 | |a Annuaire de Statistiques Regionales 1997 |
| 264 | 1 | |a Bruxelles |b Institut National de Statistique |c 1997 | |
| 300 | |a 289 s. | ||
| 610 | 2 | 0 | |a Belgicko |
| 610 | 2 | 0 | |a situácia hospodárska |